| 000 | 01052nam a2200241Ia 4500 | ||
|---|---|---|---|
| 999 |
_c38623 _d38623 |
||
| 001 | 4804 | ||
| 003 | GE_BSU | ||
| 005 | 20190807152749.0 | ||
| 008 | 181216s2012||||ge |||||||||||||| ||geo|| | ||
| 020 | _a9789941437212 | ||
| 040 | _cGE_BSU | ||
| 041 | _ageo | ||
| 080 | _a81'374.822 = 14’01 = 353.1(038) გ-51 | ||
| 100 |
_aგიორგობიანი, თინათინ _93445 |
||
| 245 |
_aძველბერძნულ-ქართული ლექსიკონი = Old-Greek-Georgian dictionary / _cთინათინ გიორგობიანი ; რედ. ქეთევან აბესაძე და სხვ. |
||
| 250 | _a2-ე გამოცემა | ||
| 264 |
_aთბილისი : _bლოგოსი ; _c2012. |
||
| 300 |
_a611 გვ. ; _c29 სმ. |
||
| 541 | _h15ლ. | ||
| 653 | _aძველბერძნულ-ქართული ლექსიკონი | ||
| 700 |
_aაბესაძე, ქეთევან _eრედაქტორი _93446 |
||
| 942 |
_cBK _2udc |
||